|
|
|
|
| LEADER |
00000nab#a22000007a#4500 |
| 001 |
arbauad041970 |
| 003 |
AR-BaUAD |
| 005 |
20250711113256.0 |
| 008 |
991207|||||||||###||||||b###|0###a|spa|| |
| 040 |
|
|
|a AR-BaUAD
|c AR-BaUAD
|b spa
|
| 100 |
|
|
|a Hollnagel, Erik
|
| 245 |
|
|
|a Error mode prediction /
|c Erik Hollnagel; Magnhild Kaarstad; Hyun Chul Lee;
|
| 300 |
0 |
|
|b cuadros, gráf.
|
| 653 |
|
|
|a ENERGIA NUCLEAR
|
| 653 |
|
|
|a SEGURIDAD
|
| 653 |
|
|
|a PREVENCION
|
| 653 |
|
|
|a ACCIDENTES
|
| 653 |
|
|
|a ESTUDIOS
|
| 653 |
|
|
|a TRABAJO
|
| 653 |
|
|
|a MAQUINARIAS
|
| 653 |
|
|
|a METODOLOGIA
|
| 653 |
|
|
|a ERGONOMIA
|
| 700 |
1 |
|
|a Kaarstad, Magnhild
|
| 700 |
1 |
|
|a Lee, Hyun Chul
|
| 773 |
0 |
|
|t ERGONOMICS
|g no. 11 [nov. 1999], p. 1457-1471
|
| 942 |
|
|
|c ARTI
|
| 952 |
|
|
|0 0
|1 0
|4 0
|7 0
|9 86889
|a AR-BAuAD
|b AR-BAuAD
|d 2025-07-11
|l 0
|p AAQA041970
|r 2025-07-11 11:32:56
|w 2025-07-11
|y ARTI
|
| 990 |
|
|
|a CS199
|b TD
|
| 998 |
|
|
|a AAQ
|b BIBUN76
|
| 999 |
|
|
|c 66562
|d 66562
|